000 00687nam a2200289Ia 4500
005 20260324121638.0
008 008 260324s9999 xx 000 0 eng d
020 _a9780203121870
037 _aEBOOK
040 _aCRL
040 _beng
040 _cCRL
041 _2eng
041 _aeng
084 _qCRL
100 _aDavid K. Hamilton
_91163318
245 0 _aGoverning Metropolitan Areas
245 0 _bGrowth and Change in a Networked Age
260 _bTaylor and Francis
260 _c2014
365 _a
365 _b255
856 _uhttp://www.taylorfrancis.com/books/9780203121870
942 _cEBOOK
999 _c1755556
_d1755556